Hľadanie kritickej cesty v sieti s využitím vybraných prístupov bakalárska práca

Gespeichert in:
Bibliographische Detailangaben
1. Verfasser: Višniarová, Miroslava
Körperschaft: Fakulta hospodárskej informatiky EU. Katedra operačného výskumu a ekonometrie
Weitere Verfasser: Chocholatá, Michaela, 1977-
Format: Buch
Sprache:Slowakisch
Veröffentlicht: Bratislava 2012
Tags: Tag hinzufügen
Keine Tags, Fügen Sie das erste Tag hinzu!

MARC

LEADER 00000nbm a2200000 4500
001 0156232
005 20161109111946.7
041 0 |a slo 
044 |a SK 
245 1 0 |a Hľadanie kritickej cesty v sieti s využitím vybraných prístupov  |b bakalárska práca  |c Miroslava Višniarová ; školiteľ: Michaela Chocholatá 
264 1 |a Bratislava  |c 2012 
300 |a 60 s. 
100 1 |a Višniarová, Miroslava 
700 1 |a Chocholatá, Michaela, 1977- 
710 2 |a Fakulta hospodárskej informatiky EU. Katedra operačného výskumu a ekonometrie